000 02038nam a2200505 c 4500
999 _c23142
_d23142
003 BLK
005 20250128125344.0
008 180413b bul|||||r ||||||| ||bul||
010 _aKNG00025615000
020 _a954-90323-4-5
040 _aBLK
041 _aBUL
_cBUL
072 7 _2bullib
_aК
_xКраезнание
080 _aОсвобождение на България. Руско-турска война (1877-1878)
_b94(497.2)"1877/1878"
_x(093.3)
_z94(497.2)"1877/1878"(093.3)
080 _aКраезнание
_b908
_x(497.215)(093.3)
_z908(497.215)(093.3)
100 1 _aДряновски, Йордан
_eпърви автор
_9266889
139 _aДряновски, Йордан
_bД 91
245 1 0 _aМемоарите на един русенец
_cЙордан Дряновски; състав. и уводна студия Хачик Тавит Лебикян.
257 _aBGR
260 _bРусе 22
_c1998
300 _a32 с.
_bс факс., 4 л. ил.,портр.
_c21 см
380 _a9
490 1 _aФакти от Българската история
500 _aОфс. изд. - 300 тир.
650 4 _aРусе - история
_9242626
650 7 _aРуско-турска освободителна война 1877 - 1878 - спомени
_2
_9170048
651 4 _aРусе
_9179462
651 4 _aБългария
_9241624
653 _aРусе
653 _aРуско-турска освободителна война 1877-1878
653 _aбългарска история
653 _aспомени
653 _aмемоари
659 _aК
700 1 _aЛебикян, Хачик Тавит
_d1945 -
_gПублицист, краевед.
_987960
852 _aЦб 199258
852 _aК 94(497.2)"1877/1878"/Д 91 И
856 4 _qpdf
_u
856 4 _qpdf
_u
942 _cKNG
_n0
_04
_s1
944 _aCR
_c15.01.2003
_lГеновева Генчева
_k30560
944 _aED
_c22.10.2009
_lф /
999 _d23142
999 _d23142